[Event "CZE-chT 0304"]
[Site "Czech Republic"]
[Date "2003.11.08"]
[Round "1"]
[White "Movsesian, Sergei"]
[Black "Jakubiec, Artur"]
[Result "1-0"]
[WhiteElo "2639"]
[BlackElo "2532"]
[Annotator "Movsesian,S"]
[PlyCount "81"]
[EventDate "2003.11.08"]
[EventType "team-tourn"]
[EventRounds "11"]
[EventCountry "CZE"]
[SourceTitle "CBM 099"]
[Source "ChessBase"]
[SourceDate "2004.03.30"]
[SourceVersion "1"]
[SourceVersionDate "2004.03.30"]
[SourceQuality "1"]
[WhiteTeam "Pardubice RC Sport"]
[BlackTeam "Ostrava SK Labortech"]
[WhiteTeamCountry "CZE"]
[BlackTeamCountry "CZE"]

1. d4 f5 2. Nc3 d5 3. Bg5 Nc6 {This move is very rare and didn't bring black
too satisfactory position.} 4. f3 $5 (4. e3 {was played in Romero-Vallejo,
Elgoibar 97} g6 5. Bb5 Nh6 6. Nf3 Nf7 7. Bf4 Qd7 8. Na4 $1 $16) 4... h6 5. Bh4
g5 {Black is trying to develop his pieces quickly, but at the same time is
weakening his position a bit.} 6. Bf2 Nf6 7. e4 $1 {Using little tactics to
open the centre} Bg7 (7... fxe4 $2 8. fxe4 dxe4 9. Nxe4 Nxe4 10. Qh5+ Kd7 11.
Qg4+ $16) 8. h4 g4 9. Qd2 (9. e5 $5 {was probably a way to use black's exposed
pawns} Nh5 10. fxg4 fxg4 11. Be2 Qd7 $8 12. Qd2 O-O 13. Be3 Ng3 14. Rh2 {
and white should have better chances}) 9... dxe4 10. fxe4 fxe4 11. d5 $6 {
Simply missing black's responce} (11. O-O-O $44 {was leading to an interesting
play}) 11... Nb4 $1 ({From some reason I only considered} 11... Ne5 $6 12.
O-O-O $44) 12. O-O-O c6 13. Bc4 cxd5 (13... Nbxd5 {looks as a better option
here, but this time it is black, who missed white's 16th move...}) 14. a3 Be6
15. Bb3 Nc6 16. Nge2 $1 (16. Nxd5 $143 $6 Bxd5 17. Bxd5 Qxd5 18. Qxd5 Nxd5 19.
Rxd5 O-O $17) 16... Bf7 17. Nxd5 Bxd5 18. Bxd5 Qxd5 19. Qxd5 Nxd5 20. Rxd5 Rd8
$6 (20... O-O $142 21. Be3 {and white's chances are only slightly preferable})
21. Rxd8+ Kxd8 22. Ng3 Be5 23. Nxe4 $14 {Now black will have to defend an
unpleasant endgame. White knight on e4 is very strong and queen's side pawns
will move soon...} Rf8 24. Re1 Rf5 25. c3 b6 26. Kc2 Rh5 27. Rh1 e6 28. Kd3 Ke7
29. Re1 Bf4 30. Kc2 Rf5 31. b4 h5 32. a4 Rd5 33. b5 Ne5 34. Bd4 Nd7 35. Rf1 e5
$2 {Losing at once.} 36. Bg1 $1 Nf8 37. g3 Bh6 38. Rf5 Bg7 39. Rxh5 Ke6 40. Be3
Ng6 41. Rg5 1-0

[Event "Manresa op"]
[Site "Manresa"]
[Date "1996.??.??"]
[Round "9"]
[White "Movsziszian, Karen"]
[Black "De la Riva Aguado, Oscar"]
[Result "1/2-1/2"]
[WhiteElo "2470"]
[BlackElo "2490"]
[Annotator "Mowsziszian,K"]
[PlyCount "41"]
[EventDate "1996.??.??"]
[EventType "swiss"]
[EventRounds "9"]
[EventCountry "ESP"]
[SourceTitle "CBM 055"]
[Source "ChessBase"]
[SourceDate "1996.12.01"]
[SourceVersion "1"]
[SourceVersionDate "1996.12.01"]
[SourceQuality "1"]

1. Nf3 f5 2. b3 d6 3. d4 Nf6 4. Bb2 g6 5. e3 Bg7 6. d5 c6 7. c4 O-O (7... cxd5
8. cxd5 Qa5+ 9. Bc3 Qxd5 $4 10. Qxd5 Nxd5 11. Bxg7 $18) 8. Be2 Na6 (8... cxd5
9. cxd5 Qa5+ 10. Bc3 Qxd5 $4 11. Bc4 $18) 9. Nc3 Ne4 10. Nd4 c5 (10... Qa5 11.
Kf1 $5 Nxc3 12. Qd2 cxd5 (12... Bxd4 13. Qxd4) 13. Bxc3 Qc5 14. cxd5) 11. Ndb5
Nc7 12. Nxc7 Qxc7 13. Rc1 Qa5 14. Qc2 a6 15. f3 Bxc3+ 16. Bxc3 Qxc3+ 17. Qxc3
Nxc3 18. Rxc3 b5 19. Kd2 Bd7 20. Rcc1 Rfb8 21. Rhe1 $1 (21. Rhe1 a5 22. cxb5
Bxb5 23. e4 fxe4 24. Bxb5 Rxb5 25. Rxe4 Kf7) 1/2-1/2

[Event "Pardubice KB Czech op"]
[Site "Pardubice"]
[Date "2003.07.19"]
[Round "2"]
[White "Postny, Evgeny"]
[Black "Grafl, Florian"]
[Result "1-0"]
[WhiteElo "2499"]
[BlackElo "2342"]
[Annotator "Postny,E"]
[PlyCount "81"]
[EventDate "2003.07.18"]
[EventType "swiss"]
[EventRounds "9"]
[EventCountry "CZE"]
[SourceTitle "CBM 095 Extra"]
[Source "ChessBase"]
[SourceDate "2003.09.04"]
[SourceVersion "1"]
[SourceVersionDate "2003.09.04"]
[SourceQuality "1"]

1. d4 f5 2. Bg5 h6 {The main alternatives are 2...Nf6 and 2...g6.} 3. Bh4 g5 4.
e4 $5 {More popular is 4.Bg3 or 4.e3.} Nf6 5. e5 e6 $1 (5... gxh4 $2 6. exf6
$16 {[%csl Re8,Rf5,Rh4,Rh6] 1-0 Moiseenko,A-Klimansky,A/Alushta 1999/EXT 2000 
(34)}) 6. exf6 (6. Bg3 f4 7. Bxf4 gxf4 8. exf6 Qxf6 9. Nf3 Nc6 10. Bb5 Bg7 11.
c3 d6 12. Qe2 a6 13. Bd3 Bd7 14. Nbd2 O-O-O $132 {1/2-1/2 Gustafsson,J-Balinov,
I/Charleville 2000/CBM 79 ext (79)}) 6... Qxf6 7. Bg3 f4 8. Bd3 (8. Qh5+ Qf7 9.
Qxf7+ Kxf7 10. Bxf4 gxf4 11. Nf3 Bg7 12. Nc3 Rf8 13. O-O-O d5 14. Bd3 Nc6 15.
Ne2 Kg8 $11 {1/2-1/2 Kharitonov,A-Rychagov,A/St Petersburg 2001/EXT 2002 (35)})
(8. Nf3 {- see the annotated games Prie,E-Santo Roman,M/Narbonne 1997/CBM 61 
[Tyomkin] and Claesen,P-Meulders,R/BEL-chT 2000/CBM 80 [Meulders]}) 8... Nc6 9.
c3 $146 (9. Qh5+ Kd8 10. c3 d5 11. Nf3 Bd7 12. O-O Bd6 13. Nbd2 Ke7 14. Rae1
$14 {0-1 Moiseenko,A-Jakubiec,A/Polanica Zdroj 1999/EXT 2000 (56)}) 9... e5 $5
10. Ne2 (10. d5 Ne7 11. Be4 c6 $132) 10... d5 {Black's play looks very risky,
but it's very hard to refute it.} 11. dxe5 ({After} 11. O-O $6 e4 $1 {black
has pleasant prospects.}) 11... Nxe5 12. O-O ({Does not work} 12. Nxf4 $2 gxf4
13. Qh5+ Kd7 14. Bf5+ Kd6) 12... Be6 $6 (12... fxg3 $6 13. fxg3 $1 Qb6+ 14. Nd4
Qxb2 15. Nb3 $36 {[%csl Rb2,Re8]}) ({Strong is} 12... Bd6 $1 13. Bc2 Be6 {
and black is at least not worse.}) 13. Bxf4 $1 gxf4 14. Qa4+ Bd7 ({After} 14...
Kf7 15. Nxf4 Bc5 (15... Rg8 16. Nxe6 Qxe6 17. Be2 $16) 16. Nxe6 Qxe6 17. Be2 {
black's compensation for the pawn is not sufficient, since his king is
vulnerable.}) 15. Qxf4 Qxf4 16. Nxf4 Nxd3 17. Nxd3 O-O-O {Black's pair of
strong bishops gives him some compensation for the lack of pawn.} 18. Ne5 $6 (
18. Re1 $1 $14) 18... Bb5 $2 {Allows white to simplify to a winning endgame.} (
18... Re8 19. f4 (19. Nxd7 Kxd7 20. Nd2 Re2 21. Rad1 Bc5 22. Nb3 Kd6 $44) 19...
Bc5+ 20. Kh1 Rhf8 $44) 19. Nf7 Bxf1 20. Kxf1 Bg7 21. Nxh8 Bxh8 22. Nd2 d4 23.
Ne4 $18 dxc3 24. bxc3 {White's position is now well organized and black has
nothing to do against the following march of white's kingside pawns.} b5 25.
Rb1 c6 26. Ke2 Kc7 27. f4 a5 28. Rd1 $6 {This exchange makes the winning
process more complicated for white.} ({Simpler was} 28. g4 Re8 29. Kf3 Rd8 30.
Re1 $18) 28... Rxd1 29. Kxd1 Kd7 30. f5 c5 31. c4 $1 $18 {[%mdl 4096] Probably
the only winning move.} (31. a4 $2 bxa4 32. Nxc5+ Kc6 33. Nxa4 Kb5 $11) (31. g4
$2 Kc6 32. Kd2 Kd5 33. Ke3 b4 34. cxb4 cxb4 35. h4 a4 $132) 31... bxc4 32. Nd2
Ke7 (32... c3 33. Nc4 $1 (33. Nb3 $6 a4 $1 34. Nxc5+ Kc6) 33... a4 34. Kc2 Kc6
35. g4 Bd4 36. h3 Kd5 37. Nb6+ Ke4 38. Nxa4 Kf4 39. Nxc3 Kf3 40. Nd5 Kg3 41. f6
Kxh3 42. f7 Bg7 43. a4) 33. Nxc4 Kf6 34. Nd6 $22 {Suddenly black is out of
useful moves.} Ke7 35. Ne4 {[%csl Ge4] White's knight dominates the board.} c4
36. g4 Kd7 {[%cal Gd7c6,Gc6d5]} 37. Kd2 Bd4 38. h4 Kc6 39. g5 Kd5 40. Ng3 Ke5
41. g6 (41. g6 Kf6 42. Nh5+ $18) 1-0

[Event "Rohde op 12th"]
[Site "Sautron"]
[Date "2012.10.29"]
[Round "3"]
[White "Colin, Vincent"]
[Black "Koziak, Vitali"]
[Result "1/2-1/2"]
[WhiteElo "2407"]
[BlackElo "2503"]
[Annotator "Primel,D"]
[PlyCount "82"]
[EventDate "2012.10.27"]
[EventType "swiss"]
[EventRounds "9"]
[EventCountry "FRA"]
[SourceTitle "EXT 2014"]
[Source "ChessBase"]
[SourceDate "2013.11.20"]
[SourceVersion "1"]
[SourceVersionDate "2013.11.20"]
[SourceQuality "1"]
[TimeControl "40/5400+30:1800+30"]
[WhiteClock "1:30:00"]
[BlackClock "1:30:00"]

1. d4 {[%emt 0:02:06]} f5 {[%emt 0:00:28]} (1... g6 2. c4 f5 3. h4 Bg7 4. h5 c5
5. d5 Qa5+ 6. Bd2 Qb6 7. Nc3 Qxb2 8. Rh3 $44 {[%cal Gh3c3,Gh3g3,Gg3g7]}) 2. Bg5
$5 {[%emt 0:00:08]} g6 {[%emt 0:04:36]} (2... h6 3. Bh4 g5 4. e3 {[%cal Gd1h5];
Rusev,K (2549)-Capitaine,A (2108) 12th Sautron Open 2012 (1.9) 1-0} (4. Bg3 Nf6
(4... f4 $6 5. e3 h5 6. Bd3 Bg7 7. exf4 h4 8. fxg5 hxg3 9. Bg6+ Kf8 10. Qf3+
$40)) (4. e4 Nf6 5. e5)) (2... c6 $5 {[%csl Rb2][%cal Gd8b6]} 3. e3 Qb6 4. Nd2
$5 (4. b3) 4... Qxb2 5. Rb1 $44 {Seirawan,Y (2605)-Dolmatov,S (2610) YUG-chT
Cetinje 1992 1/2} (5. Bd3 {[%cal Gd3f5] Gagnant un tempo important} d5 6. Ngf3
$44 g6)) 3. Nc3 {[%emt 0:00:49]} Bg7 {[%emt 0:00:26]} 4. h4 $1 {[%emt 0:00:18]}
(4. e4 {L'alternative}) 4... h6 {[%emt 0:03:23]} (4... Nf6 $6 5. h5 $1 O-O (
5... Nxh5 6. Rxh5 $40) 6. hxg6 hxg6 7. e4 d6 8. e5 Nh7 9. Bc4+ Kh8 10. Qd3 f4
11. Qxg6 {1-0 Colin,V (2391)-Daniel,J (1888)/Gorges 2012/Mega2012 Update 33}) (
4... d5) 5. Bf4 {[%emt 0:00:13]} Nc6 $5 $146 {[%emt 0:12:36] Une nouveauté
intéressante probablement trouvée devant l'échiquier car l'ukrainien a dépensé
près d'un 1/4 d'heure sur cette position.} (5... Nf6 6. e3 d6 7. Qf3 Nh5 8.
O-O-O c6 9. Bc4 Qa5 10. Bh2 Na6 11. Nge2 Bd7 12. g4 Nf6 13. gxf5 Bxf5 14. Qg2
Nb4 15. Bb3 d5 16. a3 Na6 17. f3 h5 18. Kb1 Nd7 19. Ng3 Bf6 20. Nxf5 gxf5 {
Bauer,C (2679)-Haub,T (2474)/Cappelle la Grande 2012/Mega2012 Update 11/1-0})
6. d5 {[%emt 0:09:57]} e5 {[%emt 0:01:09]} (6... Ne5 $142 {Plus solide} 7. e3 (
7. e4 {[%cal Ge4f5,Gd1h5]} fxe4 8. Nxe4 Nf7 9. Nf3 Bxb2 10. Rb1 Bg7 11. Qd3 $44
{[%csl Rg6]})) 7. Bh2 {[%emt 0:00:51]} Nb8 {[%emt 0:21:23]} 8. d6 $1 {[%emt 0:
00:57]} Qxh4 {[%emt 0:03:40] Risqué} (8... Nc6 9. Nb5 cxd6 10. Nxd6+ $36) 9. e4
{[%emt 0:09:05]} f4 $6 {[%emt 0:07:59][%csl Rh2] Enferme le Bh2 " а la
Capalanca" mais c'est au détriment d'une perte de temps importante et après
Nd5, Vincent obtient une forte attaque.} 10. Nd5 $40 {[%emt 0:01:34][%csl Rc7,
Re8]} cxd6 {[%emt 0:01:59]} 11. Nc7+ {[%emt 0:00:17]} Kd8 {[%emt 0:01:09]} 12.
Nxa8 {[%emt 0:00:36] Le Na8 est probablement condamné mais il n'est pas facile
d'aller le chercher et les Blancs auront une avance de développement face а un
K Noir bloqué au centre.} Qe7 {[%emt 0:06:25]} 13. Qd2 $6 {[%emt 0:04:04] Un
coup naturel mais probablement trop lent.} (13. a4 $142 $1 {Plus rapide} b6 (
13... Nf6 14. Bd3 b6 15. a5) 14. a5 Bb7 (14... b5 15. a6 {[%csl Rc8]} Nc6 16.
Bxb5 $18) 15. axb6 Bxa8 16. bxa7 Nc6 17. Nf3 (17. c3 Nf6 18. Qa4 Kc7 19. b4 $1
Rc8 20. b5) 17... Nf6) 13... b6 {[%emt 0:03:13][%cal Gc8b7]} 14. a4 {[%emt 0:
03:14]} Bb7 {[%emt 0:03:38]} 15. a5 {[%emt 0:00:46]} b5 $1 {[%emt 0:02:39]} 16.
Nb6 $1 {[%emt 0:00:41]} (16. Bxb5 $2 Bxe4 $13 {[%csl Rg2]}) 16... axb6 {
[%emt 0:00:33]} 17. axb6 {[%emt 0:00:51] Joué trop vite alors que Bb5 méritait
d'être analysé} (17. Bxb5 Nf6 18. a6 Ba8 (18... Bxe4 19. a7) (18... Nxe4 19.
Qb4) 19. f3) 17... Nf6 $1 {[%emt 0:02:28]} 18. f3 {[%emt 0:06:57]} (18. Ra7 $5
Bc6 (18... Nxe4 $4 19. Rxb7 {[%csl Rd8]}) 19. Qa5 Nxe4 20. Nf3 (20. Bxb5 $2 Qg5
) 20... d5 (20... Rf8 21. Ra8) (20... Ke8 {[%cal Ge8f7]} 21. Bxb5 Nc5 22. O-O
Kf7) 21. Bd3 (21. Bxb5 Qc5 {[%cal Gc5f2,Gc5b5]} 22. Bxc6 Qxf2+ 23. Kd1 Qxg2 $13
{Une position incroyablement compliquée!}) 21... Qc5 22. O-O Ke7 $132 {[%csl
Rh2][%cal Gg6g5,Gg5g4]}) 18... d5 $1 $13 {[%emt 0:04:44][%csl Rg1,Rh1,Rh2] Non
seulement les Blancs n'ont rien obtenu mais le développement de l'aile-roi
pose maintenant problème} 19. Ra7 {[%emt 0:02:07]} d6 {[%emt 0:01:54]} (19...
Bc6 $142 {[%cal Gc6b5]} 20. Qa5 {[%cal Gf1b5,Gb6b7,Ga5d8]} Qc5 $132 {[%cal
Gc5e3,Gc5c2]}) 20. Bxb5 {[%emt 0:02:20]} dxe4 {[%emt 0:01:40]} 21. Ne2 {
[%emt 0:06:11]} (21. c4 $5 {[%csl Gd5][%cal Gc4c5]} exf3 22. Nxf3 Ne4 23. Qa5
Kc8 (23... d5 24. cxd5 (24. O-O Qc5+) 24... Qc5 $2 25. Rxb7 $1 Qf2+ 26. Kd1)
24. O-O {[%csl Rc8,Gg1][%cal Gg1h1,Gh2g1]} g5 25. c5 (25. Kh1 g4) 25... Nxc5
26. Rd1 (26. Rc1 e4) 26... e4 27. Nd4 Bxd4+ 28. Rxd4 Qe5 (28... e3)) 21... exf3
$1 $13 {[%emt 0:01:28][%csl Re1]} 22. gxf3 {[%emt 0:00:25]} g5 {[%emt 0:01:36]
[%cal Gb7h1,Gg5g4]} 23. Bg1 $6 {[%emt 0:03:23] Trop lent mais il est naturel
de vouloir recycler le mauvais B, au surplus jouer ce coup après seulement 03
minutes de réflexion omntre que les Blancs n'ont pas analysé le oo qui
mobiliait les dernières forces.} (23. O-O $1 g4 (23... d5 24. c4 Rf8 25. Rc1 {
[%cal Gc4d5]} (25. cxd5 Qc5+)) 24. Nxf4 $1 {Sans surprise l'avance de
développement permet la combinaison} exf4 25. Re1 Qf7 (25... Qf8 26. Rxb7) 26.
Qxd6+) 23... Bf8 {[%emt 0:03:38]} 24. c4 {[%emt 0:05:43]} Kc8 {[%emt 0:01:54]}
25. b4 $2 {[%emt 0:02:32][%cal Gc4c5]} (25. Nc3 {[%csl Gd5][%cal Gg1f2]}) 25...
e4 {[%emt 0:00:44]} 26. c5 {[%emt 0:00:24]} e3 $1 {[%emt 0:00:34][%csl Rg1]
Enfermant а nouveau le B!} 27. Qb2 {[%emt 0:04:04]} (27. Qc3 {[%cal Gc3c8]})
27... dxc5 {[%emt 0:00:42]} 28. bxc5 {[%emt 0:00:10]} Qxc5 $132 {[%emt 0:00:16]
} 29. Qxf6 {[%emt 0:02:10]} Qxb5 {[%emt 0:00:20]} 30. Nc3 {[%emt 0:02:12]} Nd7
{[%emt 0:06:25]} (30... Qb2 31. Qxh8 Qd2+ 32. Kf1 Qc1+ 33. Ke2 Qd2+) 31. Qxf8+
{[%emt 0:01:03]} Rxf8 {[%emt 0:00:36]} 32. Nxb5 {[%emt 0:00:05]} Rf6 {[%emt 0:
00:12] Les Noirs sont maintenant presque mieux car les Blancs n'ont toujours
pas résolu le problème du développement de l'aile-roi} 33. Nd4 {[%emt 0:15:43]}
Rxb6 $15 {[%emt 0:00:56]} 34. Ra1 {[%emt 0:00:37]} Ne5 {[%emt 0:00:58]} 35. Rh2
{[%emt 0:00:27]} Nxf3+ {[%emt 0:00:30]} 36. Nxf3 {[%emt 0:00:31]} Bxf3 {
[%emt 0:00:02]} 37. Rc2+ {[%emt 0:01:30]} Kd7 {[%emt 0:00:12]} 38. Rca2 {
[%emt 0:04:11]} Rb3 {[%emt 0:01:19]} 39. Ra3 {[%emt 0:00:48]} Rb2 {[%emt 0:00:
08]} 40. R3a2 {[%emt 0:00:00]} Rb3 {[%emt 0:00:00]} 41. Ra3 {[%emt 0:00:26]}
Rb2 {[%emt 0:05:41]} 1/2-1/2

[Event "Cappelle op 31st"]
[Site "Cappelle la Grande"]
[Date "2015.03.05"]
[Round "7"]
[White "Rychagov, Andrey"]
[Black "L'Ami, Erwin"]
[Result "1/2-1/2"]
[WhiteElo "2550"]
[BlackElo "2606"]
[Annotator "RR"]
[PlyCount "63"]
[EventDate "2015.02.28"]
[EventType "swiss"]
[EventRounds "9"]
[EventCountry "FRA"]
[SourceTitle "EXT 2016"]
[Source "ChessBase"]
[SourceDate "2015.10.08"]
[SourceVersion "1"]
[SourceVersionDate "2015.10.08"]
[SourceQuality "1"]

1. d4 f5 2. Nc3 Nf6 3. Bg5 d5 4. e3 e6 5. Nf3 Be7 6. Bd3 O-O 7. Ne2 (7. O-O
Nbd7 8. Ne2 h6 9. Bf4 g5 10. Bg3 Nh5 11. Be5 c6 12. h3 Nxe5 13. Nxe5 Bd6 14. f4
Nf6 15. Qe1 Bd7 16. g4 Ne4 17. Kh2 Be8 18. Rg1 Kh8 19. Bxe4 fxe4 20. Qg3 c5 21.
Raf1 Bb5 22. Ng6+ Kg8 23. Nxf8 Bxf8 24. Qf2 cxd4 25. fxg5 Qc7+ 26. Kh1 dxe3 27.
Qxe3 Bc5 28. Nd4 Bxf1 29. Rxf1 Bxd4 30. Qxd4 Qg3 31. Rf2 e3 32. Rf6 Qe1+ 33.
Kg2 Qe2+ 34. Kg3 Qe1+ 35. Kf4 Qf1+ 36. Ke5 e2 {Mchedlishvili,M (2586)-Kuzubov,
Y (2667) Jerusalem 2015 1/2-1/2}) 7... Ne4 8. Bxe7 Qxe7 9. O-O c5 10. c4 dxc4
11. Bxc4 Nd6 12. Bb3 c4 13. Bc2 b5 14. b3 Bb7 15. a4 a6 16. axb5 (16. Ne5)
16... axb5 17. Rxa8 Bxa8 18. bxc4 Bxf3 19. gxf3 bxc4 20. f4 Nc6 21. Qd2 Qf7 22.
Rb1 Ra8 $11 23. h3 {[%cal Gg1h2]} Qd7 24. d5 {[%csl Gc2,Rf5]} (24. Kh2) 24...
Ne8 25. Nc3 Ne7 26. Rd1 exd5 27. Nxd5 Nxd5 28. Qxd5+ Qxd5 29. Rxd5 g6 30. Rc5
Nd6 31. Rc6 Ra2 32. Rxd6 1/2-1/2

[Event "Rohde op 06th"]
[Site "Sautron"]
[Date "2006.11.04"]
[Round "9"]
[White "Potkin, Vladimir"]
[Black "Koziak, Vitali"]
[Result "1-0"]
[WhiteElo "2580"]
[BlackElo "2453"]
[Annotator "RR"]
[PlyCount "91"]
[EventDate "2006.10.28"]
[EventType "swiss"]
[EventRounds "9"]
[EventCountry "FRA"]
[SourceTitle "EXT 2007"]
[Source "ChessBase"]
[SourceDate "2006.11.23"]
[SourceVersion "1"]
[SourceVersionDate "2006.11.23"]
[SourceQuality "1"]

1. d4 f5 2. Nc3 Nf6 3. Bg5 d5 4. Bxf6 $1 {une variante qui donne des bons
résultats aux blancs car les noirs ont des faiblesses positionnelles.} exf6 5.
e3 Be6 6. Bd3 Nc6 7. Nge2 (7. Qf3 {[%csl Rf5]} Qd7) 7... Qd7 8. a3 Ne7 ({RR} 
8... Bf7 9. Rc1 Ne7 10. Nb1 Nc8 11. Nd2 Nb6 12. c4 dxc4 13. Nxc4 Bxc4 14. Bxc4
Nxc4 15. Rxc4 Bd6 16. Qb3 c6 17. O-O Qf7 18. d5 cxd5 19. Rd4 O-O 20. Qxd5 Be5
21. Qxf7+ Rxf7 22. Rd2 Rc8 23. Rfd1 {Greenfeld,A (2590)-De la Villa Garcia,J 
(2440)/Pamplona 1993/CBM 039/1/2-1/2 (34)}) (8... O-O-O) 9. b3 Nc8 $6 {Les
essais des noirs avec cette idée sont peu concluants} 10. Na4 b6 $146 ({RR} 
10... Qc6 11. Nf4 Nb6 12. Nc5 Bf7 13. b4 Bxc5 14. bxc5 Nc4 15. Bxf5 b6 16. Nd3
Qa4 17. O-O O-O 18. h4 g6 19. Bg4 Qa5 20. Qc1 Rfe8 21. c3 Re4 22. Bf3 Rxh4 23.
g3 Re4 24. Nb2 Nxb2 25. Bxe4 {Supatashvili,K (2469)-Minasian,A (2478)/Batumi
2001/EXT 2002/1-0 (48)}) ({RR} 10... Nd6 11. Nc5 Qc8 12. Nxe6 Qxe6 13. Nf4 Qf7
14. c4 c6 15. cxd5 g5 16. Nh5 cxd5 17. O-O O-O-O 18. Ng3 f4 19. exf4 Kb8 20.
Qf3 h5 21. fxg5 h4 22. g6 Qc7 23. Nf5 Nxf5 24. Bxf5 Bh6 25. Rfe1 {
Mchedlishvili,M (2515)-Balinov,I (2372)/Pulvermuehle 2005/CBM 104 ext/1-0 (35)}
) 11. c4 c6 12. Nac3 dxc4 13. bxc4 Nd6 14. d5 $1 Bf7 15. Nd4 {[%csl Rc6,Gd4]}
c5 {[%csl Rc6,Gd5]} 16. Nc6 Be7 17. O-O (17. Qf3) 17... O-O 18. a4 a5 {[%csl
Rb6]} 19. Qb1 $1 (19. Rb1 Bd8) 19... Bd8 20. Nxd8 Rfxd8 (20... Qxd8 21. Bxf5)
21. Qxb6 Rdb8 22. Qxc5 Rc8 23. Qd4 Nxc4 $5 24. Bxc4 Qc7 25. Bb5 Qxc3 26. Qxc3
Rxc3 27. Bc6 $16 Rd8 28. Rac1 Rd3 29. Rfd1 $36 Rxd1+ 30. Rxd1 Be8 31. Rb1 $1
Bxc6 32. dxc6 Rc8 33. Rb6 Kf7 34. Kf1 Ke6 35. Ke2 Kd6 36. Kd3 (36. Ra6 Rxc6 37.
Rxa5 Rc2+ 38. Kf3) 36... Rxc6 37. Rxc6+ Kxc6 38. Kc4 {Gagnant l'opposition} g5
39. h3 f4 40. exf4 gxf4 41. h4 h5 42. Kd4 f3 43. g3 Kd6 44. Ke4 Ke6 45. Kxf3
Kf5 46. g4+ 1-0